00557nam a22001577a 450000500170000001000140001702000110003103500130004203700130005508200110006810000180007924501550009726000370025227000890028930000210037820100726151256.0 aENG-96753 c250.00 aEN-80286 bDBAD/PUB a213.31 aSawant, Rahul aThe constitution of universe redefined by god :bgod rules government of all nationson planet earth, so do government rules people /cby Sahul Sawant  aMumbaibVandana Prakashanc 2009 aB-10, Brothers Co- Op. Hsg. Soc., LT. Dilip Gupte Marg, Shivaji ParkbMumbaie400016 a256pc22cm (Pbk)